[Event "Barcelona Tres Peons 47th"]
[Site "Barcelona"]
[Date "2018.02.02"]
[Round "4.9"]
[White "Vargas Drechsler, Carlos"]
[Black "Sanchez De Medina Vilagrasa, Enric"]
[Result "1-0"]
[WhiteElo "2130"]
[BlackElo "1551"]
[PlyCount "123"]
[EventDate "2018.01.12"]
[EventType "swiss"]
[EventRounds "8"]
[EventCountry "ESP"]
[SourceTitle "EXT 2024"]
[Source "ChessBase"]
[SourceDate "2023.10.10"]
[SourceVersion "1"]
[SourceVersionDate "2023.10.10"]
[SourceQuality "1"]

1. e4 e5 2. f4 exf4 3. Nf3 d5 4. exd5 Qxd5 5. Nc3 Qd8 6. d4 Bd6 7. Bc4 Nf6 8. Qe2+ Qe7 9. Qxe7+ Kxe7 10. 0-0 Re8 11. Ng5 Be6 12. Nxe6 fxe6 13. Bxf4 Nc6 14. Bxd6+ cxd6 15. d5 Na5 16. Bb5 Rec8 17. dxe6 Kxe6 18. Rfe1+ Kf7 19. Rad1 a6 20. Bd3 Re8 21. Ne4 Rad8 22. Ng5+ Kg8 23. Bf5 Rxe1+ 24. Rxe1 h6 25. Be6+ Kf8 26. Nf7 Rb8 27. Nxd6 Rd8 28. Nc4 Nxc4 29. Bxc4 b5 30. Bd3 Kf7 31. Rd1 Nd5 32. Be4 Ke6 33. Bxd5+ Rxd5 34. Rxd5 Kxd5 35. Kf2 Ke4 36. Ke2 h5 37. c3 g5 38. b3 Kf4 39. Kd3 h4 40. Kd4 Kg4 41. c4 bxc4 42. bxc4 h3 43. gxh3+ Kxh3 44. c5 Kxh2 45. c6 g4 46. c7 g3 47. c8Q g2 48. Qh8+ Kg3 49. Qg7+ Kf2 50. Qf6+ Kg3 51. Qe5+ Kf2 52. Qe3+ Kf1 53. Qf3+ Kg1 54. Kc5 Kh2 55. Qf2 Kh1 56. Qh4+ Kg1 57. Kb6 Kf1 58. Qf4+ Kg1 59. Kxa6 Kh1 60. Qh4+ Kg1 61. a4 Kf1 62. Qf4+ 1-0

[Event "Barcelona Tres Peons-F 45th"]
[Site "Barcelona"]
[Date "2016.06.03"]
[Round "8.2"]
[White "Serentill Tost, Eduard"]
[Black "Sanchez De Medina Vilagrasa, Enric"]
[Result "1-0"]
[WhiteElo "1620"]
[BlackElo "1644"]
[PlyCount "63"]
[EventDate "2016.04.15"]
[EventType "swiss"]
[EventRounds "9"]
[EventCountry "ESP"]
[SourceTitle "EXT 2024"]
[Source "ChessBase"]
[SourceDate "2023.10.10"]
[SourceVersion "1"]
[SourceVersionDate "2023.10.10"]
[SourceQuality "1"]

1. e4 c6 2. d4 d5 3. Nc3 dxe4 4. Nxe4 Bf5 5. Ng3 Bg6 6. h4 h6 7. h5 Bh7 8. Nf3 e6 9. Bd3 Bxd3 10. Qxd3 Nf6 11. Bd2 Nbd7 12. 0-0-0 Be7 13. Ne4 Nxe4 14. Qxe4 Nf6 15. Qe2 Bd6 16. c4 Qc7 17. g3 b6 18. Bc3 0-0-0 19. Nd2 Rhe8 20. f4 c5 21. Nb3 Kb8 22. dxc5 bxc5 23. Ba5 Qb7 24. Bxd8 Rxd8 25. Rhf1 Qb4 26. g4 Kc7 27. g5 Nd7 28. Nd2 Qa4 29. Ne4 Nb6 30. Nxd6 Rxd6 31. Rxd6 Kxd6 32. Qd1+ 1-0